000 02321cam a2200385 i 4500
001 bcotR000015
005 20210215102133.0
006 m o d
007 cr cn ---uuuuu
008 131104s2013 xx o 000 0 eng d
035 _a(Sirsi) sarah0026545
035 _a(OCoLC)884028996
037 _bBCOpenCampus
_cCostFree
_fFormOnline
_gAccessOpen
040 _aBNM
_beng
_dCaBSKC
_erda
050 4 _aB791
_bO88 2013
100 1 _aOtt, Walter,
_eauthor.
245 1 0 _aModern philosophy /
_c[Walter Ott, Alexander Dunn].
264 1 _b[Publisher not identified],
264 2 _bBCcampus, BC Open Textbook Project
300 _a1 online resource (240 pages)
500 _aThis work is licensed under the Creative Commons Attribution-NonCommercial-ShareAlike License.
500 _aThis bibliographic record is available under the Creative Commons CC0 "No Rights Reserved" license.
520 _a"This is a textbook (or better, a workbook) in modern philosophy. It combines readings from primary sources with two pedagogical tools. Paragraphs in italics introduce figures and texts. Numbered study questions (also in italics) ask students to reconstruct an argument or position from the text, or draw connections among the readings. And I [ie. Alexander Dunn] have added an introductory chapter (Chapter 0 - Minilogic and Glossary), designed to present the basic tools of philosophy and sketch some principles and positions. The immediate goal is to encourage students to grapple with the ideas rather than passing their eyes over the texts. This makes for a better classroom experience and permits higher-level discussions."--BCcampus website.
588 _aDescription based on version viewed on BCcampus OpenEd website; title from pdf title page.
650 0 _aPhilosophy, Modern
_vTextbooks.
655 0 _aElectronic books.
700 1 _aDunn, Alexander,
_eauthor.
710 2 _aBC Open Textbook Project,
_edistributor.
710 2 _aBCcampus.
856 4 0 _3BC Open Textbook Project
_uhttps://open.bccampus.ca/find-open-textbooks/?uuid=dd65d35e-4b82-4278-b9e6-8848e4e5c092
999 _c28177
_d28177